000 00175 a2200097 4500
020 _a9780545462402
041 _aeng
100 _aMiles, Ellen
245 _aMocha
942 _cBK
999 _c31301
_d31299